00438pab a2200145 454500008004000000100003300040245009900073260000900172300001500181362000800196650002700204650001100231650001500242773003500257180718b2017 xxu||||| |||| 00| 0 eng d aWalelign, Solomon Zena et al aCombining household income and asset data to identify livelihood strategies and their dynamics c2017 ap.769-787. aJun aRight to live in peace aIncome aHouseholds aJournal of Development Studies